000 00600nam a2200217Ia 4500
005 20250326144040.0
008 250326s9999 xx 000 0 und d
020 _a1-59140-875-X
037 _aTextbook
040 _aFMSL
_beng
_cFMSL
041 _aeng
_2eng
084 _aX:74 P6
_qFMSL
100 _aKehal H S
_9735165
245 0 _aOutsourcing and offshoring in the 21st century
_cKehal H S; Singh V P
260 _aLondon
_bLondon, IDEA Group
_c2006
300 _a482p
365 _b125691.193875
650 _aEconomics
942 _cTB
_hX:74 P6
999 _c1302150
_d1302150